01169nam a2200241Ia 4500003000900000008004100009020001800050040001600068080001500084111011200099245027100211260003700482300001700519490006500536650001900601650001000620650002500630700003700655700007800692942000700770999001700777952013300794IN-BaIIA211028s9999 xx 000 0 eng d a0-7923-5909-7 cIIA Library a524.3bTHE aNATO ASI on the Physical of Star Formation and Early Evoluion-IIcCrete, Greeced1998 May 24 -June 5924704 4aThe origin of stars and planetary systemsbproceedings of the NATO ASI on the physical of star formation and early evoluion-II, held in Crete, Greece, 24 May-5 June 1998cedited by Charles J. Lada and Nikolaos D. Kylafis.  aDordrechtbKluwer Academicc1999 axxxii, 718p. aNATO science series, series C: mathematical and physical sci aStar formation aStars aStellar system91460 aKylafis, Nikolaos D., ed.924705 aLada, Charles J., ed. 917802 cBK c14061d14061 00104070aBANbBANcGENd2001-04-12eALL g3255.00l0o524.3/ THEp14981r2021-11-05v3255.00w2001-04-12yBKGRs. 3255.00